000
00223 a2200097 4500
001
57028
100
_a
245
_a
100 poems by Faiz Ahmed Faiz
260
_a
New Delhi
_b
Abhinav pub
_c
2002
090
_c
34952
_d
34952
942
_a
NUST-CAE
_c
MONOGRAPH
_c
27727
999
_c
292101
_d
292101